Informe sobre las medidas higiénicas que deben tomarse antes de la salida, durante la travesía, y al arribo de los buques (Record no. 159970)

MARC details
000 -LEADER
campo de control de longitud fija 01208nam a22002175i 4500
001 - NÚMERO DE CONTROL
campo de control 159970
003 - IDENTIFICADOR DE NÚMERO DE CONTROL
campo de control ES-MaACL
005 - FECHA Y HORA DE LA ÚLTIMA TRANSACCIÓN
campo de control 20250827052113.0
008 - DATOS DE LONGITUD FIJA--INFORMACIÓN GENERAL
campo de control de longitud fija 020909s1852 sp |||| | spa d
040 ## - FUENTE DE CATALOGACIÓN
Centro catalogador/agencia de origen CCPB | B
Lengua de catalogación spa
Centro/agencia transcriptor CCPB | B
100 1# - ENTRADA PRINCIPAL--NOMBRE DE PERSONA
Nombre de persona Monlau, Pedro Felipe,
Fechas asociadas al nombre 1808-1871
9 (RLIN) 82226
245 10 - MENCIÓN DEL TÍTULO
Título Informe sobre las medidas higiénicas que deben tomarse antes de la salida, durante la travesía, y al arribo de los buques
Resto del título : redactado en nombre de una comisión especial por su secretario-relator el D. D. Pedro Felipe Monlau y leído por él mismo en la sesión que celebró el Congreso Sanitario de París, el día 15 de noviembre de 1851 /
Mención de responsabilidad, etc. puesto en castellano por Santiago Méndez ; precedido de una introducción por Antonio María Segovia.
260 ## - PUBLICACIÓN, DISTRIBUCIÓN, ETC.
Lugar de publicación, distribución, etc. Barcelona :
Nombre del editor, distribuidor, etc. [s.n.],
Fecha de publicación, distribución, etc. 1852 (
Fabricante Imp. y Librería de Pablo Riera)
300 ## - DESCRIPCIÓN FÍSICA
Extensión 38 p. ;
Dimensiones 20 cm.
650 #7 - PUNTO DE ACCESO ADICIONAL DE MATERIA--TÉRMINO DE MATERIA
Término de materia o nombre geográfico como elemento de entrada Viajes-
Subdivisión general Aspectos sanitarios
Fuente del encabezamiento o término
9 (RLIN) 148683
700 1# - ENTRADA AGREGADA--NOMBRE PERSONAL
Nombre de persona Méndez, Santiago.
9 (RLIN) 130354
700 1# - ENTRADA AGREGADA--NOMBRE PERSONAL
Nombre de persona Segovia, Antonio María.
9 (RLIN) 132630
852 ## - LOCALIZACIÓN
Ubicación ES-MaACL
Número de control de estantería R-1369(3)
Nota libre -- Enc. hol.
condición física -- Falto de la cub. original
Nota libre -- Enc. en un vol. facticio
-- .- Donat. Mateo Seoane
Holdings
Estatus retirado Estado de pérdida Estado de daño No para préstamo Colección Biblioteca de origen Biblioteca actual Ubicación en estantería Fecha de adquisición Total de préstamos Signatura topográfica completa Código de barras Visto por última vez Precio de reemplazo Tipo de ítem Koha
        Libros del s. XIX Biblioteca del Ateneo de Madrid Biblioteca del Ateneo de Madrid Depósito 17/01/2008   R-1369(3) 1167473 23/02/2023 23/02/2023 Libro impreso antiguo